[Event "Mechanics' Winter TNM; 30/90, SD/30"]
[Site "San Francisco"]
[Date "2015.01.27"]
[Round "4.34"]
[White "Palmeri, Ralph"]
[Black "Chan, John"]
[Result "1-0"]
[WhiteElo "1708"]
[BlackElo "1514"]
[Annotator "Donaldson"]
[PlyCount "107"]
[EventDate "2015.??.??"]

1. e4 e6 2. d3 h6 3. Nf3 c6 4. c3 d5 5. e5 Ne7 6. Be2 Ng6 7. d4 Bd7 8. Be3 b6
9. b4 a5 10. a3 axb4 11. cxb4 Bxb4+ 12. Kf1 Ba5 13. h4 Ne7 14. Bd3 Nf5 15. Bc1
c5 16. Bb2 c4 17. Bc2 Nc6 18. g4 Nfe7 19. Nc3 Na7 20. h5 Qc7 21. Nd2 O-O-O 22.
Rh3 Rdf8 23. Rc1 g5 24. Rf3 Kd8 25. Na2 Nb5 26. Nb1 Qb7 27. a4 Nc7 28. Ba3 b5
29. axb5 Nxb5 30. Bc5 Bb6 31. Nbc3 Bxc5 32. dxc5 Nxc3 33. Nxc3 Qc7 34. Ba4 Bxa4
35. Nxa4 Qxe5 36. Rxc4 Nc6 37. Nb6 Qc7 38. Ra4 Ke7 39. Qa1 f6 40. Re3 Kf7 41.
Rea3 Rb8 42. Rf3 Qe7 43. Qa3 Kg7 44. Ra6 Rhf8 45. Qa4 Qxc5 46. Rb3 Rf7 47. Rb5
Qc1+ 48. Kg2 Qf4 49. Qxf4 gxf4 50. Rc5 Ne5 51. Na4 Rb4 52. Nc3 d4 53. Rxe6 (53.
Nb5 d3 54. Rxe6 f3+ 55. Kg3 Rxg4+ 56. Kh3 Rg5 57. Kh4 Rd7 58. Rc1 Kf7 59. Ra6
Rg4+ 60. Kh3 Rb4) 53... f3+ 54. Kg3 {
White is totally lost but won in mutual time pressure.} 1-0

[Event "Mechanics' Winter TNM; 30/90, SD/30"]
[Site "San Francisco"]
[Date "2015.02.10"]
[Round "6.15"]
[White "Palmeri, Ralph"]
[Black "Gerwin, Gene"]
[Result "0-1"]
[WhiteElo "1708"]
[BlackElo "1910"]
[PlyCount "108"]
[EventDate "2015.??.??"]

1. e4 d6 2. g3 c6 3. Bg2 Nf6 4. d3 e5 5. Nf3 Be7 6. Nbd2 O-O 7. O-O h6 8. Qe2
Bg4 9. Nc4 b5 10. Ne3 Be6 11. Kh1 Qd7 12. Bd2 g6 13. Ng1 Nh5 14. c4 bxc4 15.
dxc4 Na6 16. Rad1 Nc5 17. Nf5 Bxf5 18. exf5 Kh7 19. h4 Ng7 20. fxg6+ fxg6 21.
Bh3 Nf5 22. Bb4 Na6 23. Ba3 Qe6 24. Kh2 Nc7 25. Rd2 Qf6 26. Rfd1 Nd4 27. Qd3
Rf7 28. b3 Raf8 29. Rf1 d5 30. Bxe7 Qxe7 31. cxd5 cxd5 32. h5 Rf6 33. Re1 Rxf2+
34. Rxf2 Rxf2+ 35. Kh1 Qg5 36. hxg6+ Kg7 37. Qe3 Qxe3 38. Rxe3 e4 39. a3 Kxg6
40. Bg2 Nce6 41. Nh3 Ra2 42. b4 Nb5 43. Bxe4+ dxe4 44. Rxe4 Kf5 45. Rh4 Rxa3
46. Rxh6 Rxg3 47. Nf2 Ned4 48. Rh5+ Kf4 49. Rh8 Ke3 50. Nh3 Kd3 51. Nf4+ Kc4
52. Rh4 Kxb4 53. Ne2 Rd3 54. Kg2 Rd2 0-1

[Event "Mechanics' Spring TNM; G/2"]
[Site "San Francisco"]
[Date "2015.04.07"]
[Round "4.29"]
[White "Palmeri, Ralph"]
[Black "James, Charles"]
[Result "1/2-1/2"]
[WhiteElo "1708"]
[BlackElo "1409"]
[PlyCount "40"]
[EventDate "2015.??.??"]

1. e4 e6 2. d3 d5 3. Nd2 Nf6 4. Qe2 c5 5. Ngf3 b5 6. g3 Nc6 7. c3 Qc7 8. Bg2 d4
9. O-O Ba6 10. Re1 Rd8 11. e5 Nd7 12. Nf1 Be7 13. Bf4 O-O 14. Rad1 Qa5 15. cxd4
Qxa2 16. Ra1 Qd5 17. Ng5 Nxd4 18. Qh5 Bxg5 19. Qxg5 Nf3+ 20. Bxf3 Qxf3 1/2-1/2

[Event "Mechanics' Winter TNM; 30/90, SD/30"]
[Site "San Francisco"]
[Date "2015.01.13"]
[Round "2.13"]
[White "Palmeri, Ralph"]
[Black "Traub, Igor"]
[Result "0-1"]
[WhiteElo "1708"]
[BlackElo "2073"]
[Annotator "Donaldson"]
[PlyCount "62"]
[EventDate "2015.??.??"]

1. e4 d5 2. e5 $2 c5 3. f4 Nc6 4. Nf3 Bg4 {Black has a dream variation of the
French Defense with his bishop outside the pawn chain.} 5. Bb5 e6 6. c3 Nh6 7.
Na3 c4 8. Nc2 Nf5 9. d4 cxd3 10. Qxd3 Bxf3 11. Bxc6+ bxc6 12. Qxf3 Bc5 13. Ne3
Qh4+ 14. Kf1 Nh6 15. Bd2 O-O 16. Rd1 a5 17. Be1 Qe7 18. h3 f6 19. exf6 Qxf6 20.
g3 Rab8 21. Rh2 Bxe3 22. Qxe3 e5 23. Rf2 Nf5 24. Qxe5 Qxe5 25. fxe5 Ne3+ 26.
Ke2 Rxf2+ 27. Kxe3 Rfxb2 28. Ra1 Rh2 29. h4 Rbb2 30. Rd1 Rbe2+ 31. Kd4 Rh1 0-1

[Event "Mechanics' Fall TNM; G/2"]
[Site "San Francisco"]
[Date "2015.10.27"]
[Round "2.10"]
[White "Pan, Hongkai"]
[Black "Babayan, Gagik"]
[Result "1-0"]
[WhiteElo "2091"]
[BlackElo "1781"]
[PlyCount "79"]
[EventDate "2015.??.??"]

1. d4 Nf6 2. c4 e6 3. Nf3 b6 4. a3 Bb7 5. Nc3 Be7 6. d5 O-O 7. e4 d6 8. Bd3 e5
9. O-O Bc8 10. h3 Ne8 11. Qc2 g6 12. Nh2 g5 13. Be3 a5 14. b4 Ng7 15. c5 bxc5
16. bxc5 dxc5 17. Na4 f5 18. Nf3 g4 19. hxg4 fxg4 20. Nd2 Ba6 21. Nxc5 Bxc5 22.
Bxc5 Bxd3 23. Qxd3 Rf6 24. Nc4 Nd7 25. Be3 Qe8 26. Rfc1 Nh5 27. g3 Qf7 28. Qe2
Qg6 29. Nd2 Rc8 30. Qb5 Qf7 31. Qxa5 Nf4 32. gxf4 exf4 33. Bd4 g3 34. Bxf6 Qh5
35. fxg3 fxg3 36. Nf1 g2 37. Ng3 Qf3 38. Qc3 Qg4 39. Nf5 Qh5 40. Qg3+ 1-0

[Event "Mechanics' Leighton Allen TNM; G/2"]
[Site "San Francisco"]
[Date "2015.08.18"]
[Round "3.4"]
[White "Pan, Hongkai"]
[Black "Basak, Aniruddha"]
[Result "1-0"]
[WhiteElo "2101"]
[BlackElo "2165"]
[PlyCount "57"]
[EventDate "2015.??.??"]

1. d4 Nf6 2. c4 g6 3. Nc3 Bg7 4. e4 d6 5. Nge2 c5 6. dxc5 dxc5 7. Qxd8+ Kxd8 8.
Be3 b6 9. f3 Nc6 10. O-O-O+ Kc7 11. Nd5+ Kb7 12. Bg5 Re8 13. g4 Ne5 14. Ne3
Nxf3 15. e5 Nxe5 16. Bg2+ Nc6 17. Rhf1 h6 18. Bh4 g5 19. Bg3 Be6 20. b4 $1 cxb4
21. Nd4 Rac8 22. Nec2 Bd7 $2 23. Nxb4 a5 24. Nbxc6 Bxc6 25. Nxc6 Rxc6 {
Diagram #} 26. Rxf6 $1 Bxf6 27. Rd7+ Kc8 28. Bxc6 e5 29. Rxf7 1-0

[Event "Mechanics' Leighton Allen TNM; G/2"]
[Site "San Francisco"]
[Date "2015.09.08"]
[Round "6.7"]
[White "Pan, Hongkai"]
[Black "Gerwin, Gene"]
[Result "1/2-1/2"]
[WhiteElo "2101"]
[BlackElo "1822"]
[PlyCount "59"]
[EventDate "2015.??.??"]

1. d4 e6 2. c4 g6 3. e4 Bg7 4. Nc3 b6 5. Nf3 Bb7 6. Be2 Ne7 7. d5 O-O 8. O-O h6
9. Qc2 a6 10. Bf4 d6 11. e5 dxe5 12. Nxe5 exd5 13. Bf3 Nd7 14. Rfe1 g5 15. Bg3
Nxe5 16. Bxe5 f6 17. Bg3 f5 18. Be5 g4 19. Bxg7 Kxg7 20. Bxd5 Nxd5 21. cxd5 b5
22. Re5 Qd7 23. Ne2 Rae8 24. Qc3 Rxe5 25. Qxe5+ Kf7 26. Ng3 Kg6 27. Ne2 Re8 28.
Nf4+ Kf7 29. Qe6+ Qxe6 30. Nxe6 1/2-1/2

[Event "Mechanics' Fall TNM; G/2"]
[Site "San Francisco"]
[Date "2015.11.24"]
[Round "6.8"]
[White "Pan, Hongkai"]
[Black "Lourme, Nicholas R"]
[Result "1-0"]
[WhiteElo "2091"]
[BlackElo "1668"]
[PlyCount "93"]
[EventDate "2015.??.??"]

1. d4 d5 2. c4 c6 3. cxd5 cxd5 4. Nf3 Nc6 5. Nc3 Nf6 6. Bf4 a6 7. e3 Bf5 8. Be2
e6 9. Ne5 Be7 10. a3 O-O 11. g4 Bg6 12. h4 h6 13. Nxg6 fxg6 14. Qc2 Nd7 15.
Qxg6 Rf6 16. Qd3 Qf8 17. g5 Rxf4 18. exf4 Qxf4 19. Qe3 Qxe3 20. fxe3 hxg5 21.
Bg4 Nd8 22. Nxd5 exd5 23. Bxd7 gxh4 24. Rc1 Bd6 25. Ke2 g5 26. Kf3 Kg7 27. Kg4
Nf7 28. Rc8 Rxc8 29. Bxc8 Kg6 30. Bf5+ Kf6 31. Bd3 Bg3 32. Kh5 Ke7 33. Rf1 a5
34. Kg6 Nd6 35. Kxg5 b5 36. b4 axb4 37. axb4 Kd7 38. Kg4 Kc6 39. Ra1 Kb6 40.
Kf3 Nc4 41. Bxc4 bxc4 42. Ra5 Kc6 43. Rc5+ Kd6 44. b5 Ke6 45. b6 Bd6 46. b7 Kd7
47. Rxd5 1-0

[Event "Mechanics' Fall TNM; G/2"]
[Site "San Francisco"]
[Date "2015.11.17"]
[Round "5.8"]
[White "Pan, Hongkai"]
[Black "Maser, Thomas F"]
[Result "1/2-1/2"]
[WhiteElo "2091"]
[BlackElo "1923"]
[PlyCount "76"]
[EventDate "2015.??.??"]

1. d4 Nf6 2. c4 e6 3. Nf3 Bb4+ 4. Bd2 a5 5. g3 O-O 6. Bg2 Ne4 7. Bxb4 axb4 8.
Nbd2 d5 9. O-O Qe7 10. Nxe4 dxe4 11. Ne1 f5 12. c5 Nc6 13. f3 e5 14. fxe4 Nxd4
15. e3 Nc6 16. exf5 Bxf5 17. Rc1 Qg5 18. Qb3+ Kh8 19. Nf3 Qe7 20. Nh4 Be6 21.
Bd5 Bh3 22. Ng2 Rxf1+ 23. Kxf1 Qf6+ 24. Kg1 Rf8 25. Qc2 b3 26. Bxb3 Nb4 27. Qe2
Nd3 28. Rc2 Bxg2 29. Kxg2 Qc6+ 30. e4 Rf2+ 31. Qxf2 Nxf2 32. Bd5 Qe8 33. Rxf2
c6 34. Bf7 Qe7 35. b4 g6 36. a4 Qd8 37. b5 Qd4 38. Be8 Qxe4+ {
Remaining moves unavailable.} 1/2-1/2

[Event "Mechanics' Leighton Allen TNM; G/2"]
[Site "San Francisco"]
[Date "2015.08.04"]
[Round "1.11"]
[White "Pan, Hongkai"]
[Black "Rothman, Ivan"]
[Result "1-0"]
[WhiteElo "2101"]
[BlackElo "1513"]
[PlyCount "47"]
[EventDate "2015.??.??"]

1. d4 Nf6 2. c4 g6 3. Nc3 Bg7 4. e4 d6 5. Nge2 O-O 6. Ng3 e5 7. d5 c6 8. Be2
Nbd7 9. dxc6 bxc6 10. Qxd6 Bb7 11. O-O Re8 12. Rd1 Nb6 13. Qa3 Qe7 14. c5 Nbd7
15. Be3 h5 16. h3 a5 17. Rd6 Red8 18. Bg5 Nf8 19. Bc4 N8h7 20. Be3 Ne8 21. Rxg6
Bc8 22. Nxh5 Qh4 23. Nxg7 Nxg7 24. Bh6 1-0

[Event "Mechanics' Fall TNM; G/2"]
[Site "San Francisco"]
[Date "2015.12.08"]
[Round "8.3"]
[White "Pan, Hongkai"]
[Black "Rudyak, Felix"]
[Result "0-1"]
[WhiteElo "2091"]
[BlackElo "2010"]
[PlyCount "120"]
[EventDate "2015.??.??"]

1. d4 d5 2. c4 e6 3. Nc3 c5 4. cxd5 exd5 5. Nf3 Nc6 6. g3 Nf6 7. Bg2 Be7 8. O-O
O-O 9. Be3 c4 10. Ne5 Be6 11. Qa4 Qb6 12. Nxc4 Qb4 13. Qxb4 Nxb4 14. Na3 Rac8
15. Rac1 Nc6 16. Nc2 Na5 17. Bg5 Rfd8 18. Ne3 Kf8 19. Rfd1 Nc4 20. Nxc4 Rxc4
21. f3 h6 22. Be3 Rdc8 23. h3 Bb4 24. Nb1 Rc2 25. a3 Bd6 26. Rxc2 Rxc2 27. Bc1
Bxg3 28. e4 Nh5 29. Nc3 dxe4 30. Nxe4 Bf4 31. Bd2 f5 32. Nc5 Bd5 33. Bb4 Kf7
34. Nd7 Be3+ 35. Kh1 Ng3+ 36. Kh2 Bf4 37. Ne5+ Kg8 38. Be1 Nf1+ 39. Kg1 Ne3 40.
Rd2 Rxd2 41. Bxd2 Nxg2 42. Bb4 Bxe5 43. dxe5 Nf4 44. Bd6 Nxh3+ 45. Kh2 Nf4 46.
Kg3 g5 47. b4 Kf7 48. a4 Ke6 49. b5 Ng6 50. Bc7 Nxe5 51. a5 a6 52. bxa6 bxa6
53. f4 Nd3 54. fxg5 hxg5 55. Bd8 g4 56. Bb6 Bf3 57. Kh2 f4 58. Kg1 g3 59. Bc7
Ne5 60. Bb6 Bd5 0-1

[Event "Mechanics' Fall TNM; G/2"]
[Site "San Francisco"]
[Date "2015.12.15"]
[Round "9.17"]
[White "Paquette, James"]
[Black "Acharya, Venkatagiri"]
[Result "1-0"]
[WhiteElo "1620"]
[BlackElo "1686"]
[PlyCount "81"]
[EventDate "2015.??.??"]

1. d4 Nf6 2. Nf3 g6 3. Nc3 Bg7 4. e4 d6 5. Be3 Nbd7 6. Qd2 b6 7. Bh6 Bxh6 8.
Qxh6 e5 9. O-O-O Qe7 10. Bb5 Ng4 11. Qg7 Qf8 12. Qxf8+ Kxf8 13. Bc6 Rb8 14. Rd2
exd4 15. Nxd4 Nde5 16. h3 Nf6 17. f4 Nc4 18. Rd3 Kg7 19. b3 Na5 20. e5 dxe5 21.
fxe5 Nh5 22. Rf1 f5 23. Ncb5 Nxc6 24. Nxc6 Rb7 25. Nbxa7 Be6 26. Nb5 Bc8 27.
Nd8 Rb8 28. Nxc7 Kf8 29. Nce6+ Bxe6 30. Nxe6+ Ke7 31. Nd4 Rhc8 32. g4 fxg4 33.
hxg4 Ng7 34. Rdf3 Ne6 35. Rf7+ Ke8 36. Nxe6 Rc3 37. Ng7+ Kd8 38. e6 Re3 39.
Rd1+ Kc8 40. e7 Rxe7 41. Rxe7 1-0

[Event "Mechanics' Fall TNM; G/2"]
[Site "San Francisco"]
[Date "2015.12.01"]
[Round "7.16"]
[White "Paquette, James"]
[Black "Alvarez, Gil"]
[Result "0-1"]
[WhiteElo "1620"]
[BlackElo "2003"]
[PlyCount "120"]
[EventDate "2015.??.??"]

1. d4 d5 2. Nf3 Nf6 3. e3 e6 4. Bd3 Bd6 5. b3 Nbd7 6. Bb2 c5 7. Nbd2 Qc7 8. O-O
O-O 9. Rc1 e5 10. dxe5 Nxe5 11. Nxe5 Bxe5 12. Bxe5 Qxe5 13. Nf3 Qh5 14. h3 Be6
15. Nh2 Qxd1 16. Rfxd1 c4 17. Be2 Ne4 18. c3 cxb3 19. axb3 Rfc8 20. c4 dxc4 21.
Bxc4 Bxc4 22. Rxc4 Rxc4 23. bxc4 Nc5 24. Rd5 Rc8 25. Nf3 Kf8 26. Ne5 Ke7 27. f3
f6 28. Ng4 a5 29. Nf2 b6 30. Nd1 Rd8 31. Nc3 Rxd5 32. Nxd5+ Kd6 33. Nxb6 a4 34.
Nd5 a3 35. Nc3 Kc6 36. Kf1 Na4 37. Na2 Kc5 38. Ke2 Kxc4 39. Kd2 Nc5 40. Kc2 Nd3
41. Nc1 Nxc1 42. Kxc1 Kd3 43. e4 Ke3 44. h4 Kf4 45. Kb1 Kg3 46. Ka2 Kxh4 47. f4
Kg4 48. g3 g5 49. f5 h5 50. e5 Kxf5 51. exf6 Kxf6 52. Kxa3 Kf5 53. Kb3 Ke4 54.
Kc3 Kf3 55. Kd3 Kxg3 56. Ke3 h4 57. Ke2 Kg2 58. Ke3 h3 59. Ke2 h2 60. Ke3 h1=Q
0-1

[Event "Mechanics' Fall TNM; G/2"]
[Site "San Francisco"]
[Date "2015.11.24"]
[Round "6.6"]
[White "Paquette, James"]
[Black "Basak, Aniruddha"]
[Result "0-1"]
[WhiteElo "1620"]
[BlackElo "2167"]
[PlyCount "84"]
[EventDate "2015.??.??"]

1. d4 Nf6 2. Nf3 g6 3. Bg5 Bg7 4. Nbd2 c5 5. c3 cxd4 6. cxd4 d5 7. e3 O-O 8.
Be2 Nc6 9. O-O h6 10. Bh4 Bf5 11. Ne5 Nxe5 12. dxe5 Ne4 13. f4 Qb6 14. Nxe4
Bxe4 15. Qd4 f6 16. exf6 exf6 17. Bf3 f5 18. Qxb6 axb6 19. Bxe4 dxe4 20. Rfd1
Bxb2 21. Rab1 Bf6 22. Bxf6 Rxf6 23. Rd7 Rxa2 24. Rxb7 Ra6 25. Rd1 Rf7 26. Rd8+
Kg7 27. Rdd7 Rxd7 28. Rxd7+ Kg8 29. Rd6 Kf7 30. h4 h5 31. Kf1 Ra1+ 32. Kf2 Ra2+
33. Kf1 Rb2 34. g3 b5 35. Rb6 b4 36. Rb7+ Kg8 37. Rb6 Kg7 38. Rb7+ Kh6 39. Rb6
b3 40. Rb7 Rb1+ 41. Kf2 b2 42. Rb6 Rh1 0-1

[Event "Mechanics' Leighton Allen TNM; G/2"]
[Site "San Francisco"]
[Date "2015.09.01"]
[Round "5.18"]
[White "Paquette, James"]
[Black "Bayaraa, Chinguun"]
[Result "1-0"]
[WhiteElo "1471"]
[BlackElo "1904"]
[Annotator "Donaldson"]
[PlyCount "73"]
[EventDate "2015.??.??"]

1. d4 Nf6 2. Nf3 d5 3. e3 e6 4. Bd3 c5 5. b3 Nc6 6. Bb2 cxd4 7. Nxd4 Bc5 8.
Nxc6 bxc6 9. O-O O-O 10. Nd2 Qe7 11. Nf3 (11. e4) 11... Bd6 12. Ne5 Qc7 13. f4
c5 (13... Nd7 $2 14. Nxd7 Bxd7 (14... Qxd7 15. Bxh7+ Kxh7 16. Qh5+ Kg8 17. Bxg7
Kxg7 18. Qg5+ Kh8 19. Qf6+ Kg8 20. Rf3) 15. Bxh7+ Kxh7 16. Qh5+ Kg8 17. Bxg7
Kxg7 18. Qg5+ Kh8 19. Rf3 e5 20. f5) 14. Rf3 Bxe5 $6 15. Bxe5 Qe7 16. Rh3 h6
17. Qf3 Nd7 $4 {Diagram #} (17... Ne4 18. Bxe4 dxe4 19. Qxe4 Bb7) 18. Bxg7 (18.
Rxh6 {is even stronger but the text is also quite effective.}) 18... f5 19.
Bxf8 Qxf8 20. Qh5 Kh7 21. Rg3 Qf6 22. Rf1 Bb7 23. Rh3 d4 24. Qh4 Rg8 25. g4
dxe3 26. Qxf6 Nxf6 (26... Rxg4+ 27. Rg3) 27. g5 Ng4 28. Be2 Rg6 29. Bxg4 fxg4
30. Rxe3 Bc8 31. Re5 h5 32. Rxc5 Ba6 33. Rd1 Rg7 34. Rd6 Bb7 35. Rxe6 Rd7 36.
Rce5 Rd1+ 37. Re1 1-0

[Event "Mechanics' Leighton Allen TNM; G/2"]
[Site "San Francisco"]
[Date "2015.09.29"]
[Round "9.12"]
[White "Paquette, James"]
[Black "Clemens, Kristian"]
[Result "0-1"]
[WhiteElo "1471"]
[BlackElo "1928"]
[Annotator "Donaldson"]
[PlyCount "128"]
[EventDate "2015.??.??"]

1. d4 d5 2. Nf3 Nf6 3. e3 e6 4. Bd3 Nbd7 5. b3 c5 6. Bb2 Be7 7. O-O O-O 8. Nbd2
cxd4 9. exd4 Re8 10. c4 Bd6 11. Ne5 Nf8 12. Rc1 Bd7 13. c5 Bc7 14. c6 Bxc6 15.
Nxc6 bxc6 16. Rxc6 Ng6 17. g3 Ne7 18. Rc2 Nf5 19. Bxf5 exf5 20. Qf3 g6 21. Rfc1
Ba5 22. Bc3 Bb6 23. Qd1 Rc8 24. Kg2 Ne4 25. Nxe4 Rxe4 26. f3 Re6 27. Bb2 Rxc2+
28. Rxc2 Qe7 29. Bc1 g5 30. Qd3 Qf6 31. Be3 f4 32. Bf2 fxg3 33. hxg3 h5 34. Rc1
g4 35. Rh1 gxf3+ 36. Qxf3 Bxd4 37. Qxf6 Bxf6 38. Rxh5 d4 39. Rd5 Re2 {
Diagram [#]} 40. Kf1 $2 (40. Kf3 $11 {
was better activating the king and meeting.} Rxa2 41. Bxd4 Rd2 {with} 42. Ke3)
40... Rxa2 41. Bxd4 $4 (41. Ke1) 41... Rd2 $19 42. Rd6 Bxd4 43. Ke1 Rd3 44. Ke2
Re3+ 45. Kd2 Bc5 46. Rc6 Re5 47. Kd3 Bb6 48. Kc4 Re3 49. g4 Re4+ 50. Kb5 Rxg4
51. Rc4 f5 52. b4 Kf7 53. Rc6 f4 54. Rc4 Rg5+ 55. Kc6 Rf5 56. Rxf4 Rxf4 57. b5
Ke6 58. Kb7 Kd7 59. Ka6 Bg1 60. Kb7 Rf6 61. Ka8 Kc7 62. b6+ Rxb6 63. Kxa7 Bf2
64. Ka8 Ra6# 0-1

[Event "Mechanics' Spring TNM; G/2"]
[Site "San Francisco"]
[Date "2015.04.07"]
[Round "4.36"]
[White "Paquette, James"]
[Black "Cohee, James"]
[Result "1/2-1/2"]
[WhiteElo "1381"]
[BlackElo "1653"]
[PlyCount "70"]
[EventDate "2015.??.??"]

1. d4 d5 2. Nf3 c6 3. e3 Bg4 4. Bd3 e6 5. b3 Nf6 6. Bb2 Nbd7 7. Nbd2 Bd6 8. O-O
O-O 9. c4 Re8 10. Qc2 Qb8 11. h3 Bh5 12. Ng5 Nf8 13. f4 Bg6 14. Bxg6 Nxg6 15.
Ngf3 Nd7 16. Ne5 Qd8 17. Ndf3 Ndxe5 18. fxe5 Be7 19. g3 Rc8 20. h4 h6 21. h5
Nf8 22. g4 Nh7 23. Qf2 Rf8 24. Rae1 Ng5 25. Nxg5 Bxg5 26. Re2 f5 27. exf6 Rxf6
28. Qg2 Qf8 29. e4 Rc7 30. exd5 Rxf1+ 31. Qxf1 Qxf1+ 32. Kxf1 Rf7+ 33. Rf2 exd5
34. Rxf7 Kxf7 35. cxd5 cxd5 1/2-1/2

[Event "Mechanics' Summer TNM"]
[Site "San Francisco"]
[Date "2015.06.30"]
[Round "6"]
[White "Paquette, James"]
[Black "Donaldson, John"]
[Result "0-1"]
[WhiteElo "1456"]
[BlackElo "2408"]
[Annotator "Donaldson"]
[PlyCount "68"]
[EventDate "2015.??.??"]

1. d4 Nf6 2. Nf3 g6 3. Bg5 Bg7 4. Nbd2 O-O 5. e3 (5. e4 d5 6. e5 Ne4) (5. c3)
5... c5 6. c3 d6 7. Bd3 Be6 8. O-O Qb6 9. Qc2 Nc6 10. Nc4 (10. dxc5) 10... Qc7
11. Bxf6 $6 (11. dxc5) 11... Bxf6 12. e4 $2 cxd4 13. cxd4 {Diagram #} (13. Nxd4
Bxd4 14. cxd4 Nb4 $19) 13... Nb4 14. Qb3 Nxd3 15. d5 Nc5 $19 16. Qc2 Bd7 17.
Rac1 Rac8 18. Rfe1 b5 19. Ncd2 a5 20. e5 Bf5 21. Ne4 Bxe4 22. Rxe4 Nxe4 23.
Qxc7 Rxc7 24. Rxc7 dxe5 25. Nxe5 Bxe5 26. Rxe7 f6 27. f4 Bd4+ 28. Kf1 f5 29.
Rb7 Re8 30. g3 Nd2+ 31. Kg2 Re2+ 32. Kh3 Nf1 33. Kh4 Bf6+ 34. Kh3 Rxh2# 0-1

[Event "Mechanics' Winter TNM; 30/90, SD/30"]
[Site "San Francisco"]
[Date "2015.02.24"]
[Round "8.34"]
[White "Paquette, James"]
[Black "Donnelly, Patrick"]
[Result "0-1"]
[WhiteElo "1438"]
[BlackElo "1659"]
[PlyCount "112"]
[EventDate "2015.??.??"]

1. d4 Nf6 2. Nf3 b6 3. Bg5 Bb7 4. e3 e6 5. Bd3 Be7 6. Nbd2 c5 7. c3 Nc6 8. e4
cxd4 9. cxd4 Nb4 10. Qb3 Rc8 11. O-O Nxd3 12. Qxd3 O-O 13. Rac1 d6 14. Rxc8
Qxc8 15. e5 Ba6 16. Qb1 dxe5 17. dxe5 Nd5 18. Bxe7 Nxe7 19. Ng5 Ng6 20. Rc1 Qd8
21. Ndf3 Bd3 22. Qa1 Qb8 23. b3 Nf4 24. Nd4 Qxe5 25. Ngf3 Ne2+ 26. Nxe2 Qxa1
27. Rxa1 Bxe2 28. Nd4 Bh5 29. Nc6 a5 30. Rc1 Re8 31. Ne7+ Kf8 32. Nc8 b5 33.
Nd6 Rb8 34. Rc5 Rd8 35. Rxh5 Rxd6 36. Kf1 Rd2 37. a4 bxa4 38. bxa4 Rd5 39. Rxd5
exd5 40. Ke2 Ke7 41. Kd3 Kd6 42. Kd4 f6 43. f4 g6 44. h3 f5 45. g3 h6 46. g4 h5
47. gxh5 gxh5 48. h4 Kc6 49. Ke5 Kc5 50. Kxf5 d4 51. Ke4 Kc4 52. f5 d3 53. Ke3
Kc3 54. f6 d2 55. f7 d1=Q 56. f8=Q Qe1+ 0-1

[Event "Mechanics' Fall TNM; G/2"]
[Site "San Francisco"]
[Date "2015.10.27"]
[Round "2.33"]
[White "Paquette, James"]
[Black "Erdenebileg, Erkhe"]
[Result "1-0"]
[WhiteElo "1620"]
[BlackElo "1125"]
[PlyCount "77"]
[EventDate "2015.??.??"]

1. d4 d5 2. Nf3 Nf6 3. e3 e6 4. Bd3 c6 5. b3 Bd6 6. Bb2 Nbd7 7. Nbd2 O-O 8. O-O
b6 9. c4 Bb7 10. e4 c5 11. e5 dxc4 12. Nxc4 Be7 13. exf6 Bxf6 14. Nd6 Bc6 15.
Ne4 cxd4 16. Nxf6+ Qxf6 17. Bxd4 Qf4 18. Be3 Qg4 19. Be2 Ne5 20. h3 Nxf3+ 21.
Bxf3 Bxf3 22. Qxf3 Qxf3 23. gxf3 f5 24. f4 Rf6 25. Bd4 Rg6+ 26. Kh2 Rd8 27.
Rad1 Kf7 28. Be5 Rxd1 29. Rxd1 a6 30. Rd6 b5 31. Rxa6 b4 32. Rb6 h5 33. Rxb4
Kf8 34. Rb7 Kg8 35. a4 Rh6 36. Rxg7+ Kf8 37. a5 Rh8 38. a6 Ke8 39. a7 1-0

[Event "Mechanics' Spring TNM; G/2"]
[Site "San Francisco"]
[Date "2015.04.14"]
[Round "5.35"]
[White "Paquette, James"]
[Black "Everett III, Willard"]
[Result "1/2-1/2"]
[WhiteElo "1381"]
[BlackElo "1673"]
[PlyCount "52"]
[EventDate "2015.??.??"]

1. d4 d5 2. Nf3 Nf6 3. e3 e6 4. Bd3 c5 5. b3 Nc6 6. O-O cxd4 7. exd4 Bd6 8. Bb2
O-O 9. Nbd2 Qc7 10. Re1 Nb4 11. Ne5 Nxd3 12. cxd3 Bd7 13. Rc1 Qa5 14. Bc3 Bb4
15. Bxb4 Qxb4 16. Nxd7 Nxd7 17. Rc7 Nf6 18. Nf3 Rac8 19. Qc2 Rb8 20. Qc5 Qxc5
21. dxc5 Rfc8 22. Rxc8+ Rxc8 23. Rc1 Nd7 24. d4 f6 25. b4 Kf7 26. Re1 Re8
1/2-1/2

[Event "Mechanics' Fall TNM; G/2"]
[Site "San Francisco"]
[Date "2015.11.10"]
[Round "4.12"]
[White "Paquette, James"]
[Black "Grey, Peter G"]
[Result "1/2-1/2"]
[WhiteElo "1620"]
[BlackElo "2000"]
[PlyCount "61"]
[EventDate "2015.??.??"]

1. d4 Nf6 2. Nf3 g6 3. e3 Bg7 4. Be2 O-O 5. O-O d6 6. b3 Nbd7 7. Bb2 c6 8. c4
Qc7 9. Nbd2 e5 10. Rc1 Re8 11. h4 Qd8 12. Ng5 h6 13. Nh3 exd4 14. exd4 d5 15.
h5 Nxh5 16. Bxh5 gxh5 17. Qxh5 Nf6 18. Qf3 Qd6 19. Nf4 Bg4 20. Qg3 Bf5 21. Nxd5
Qxg3 22. Nxf6+ Bxf6 23. fxg3 Bg5 24. Rxf5 Bxd2 25. Rcf1 Re7 26. Bc1 Bxc1 27.
Rxc1 Re2 28. Rf2 Rae8 29. Kf1 R2e3 30. Rf3 Re2 31. Rf2 1/2-1/2

[Event "Mechanics' Spring TNM; G/2"]
[Site "San Francisco"]
[Date "2015.03.24"]
[Round "2.16"]
[White "Paquette, James"]
[Black "Khristoforov, Sergey"]
[Result "0-1"]
[WhiteElo "1381"]
[BlackElo "1977"]
[PlyCount "50"]
[EventDate "2015.??.??"]

1. d4 d5 2. Nf3 c6 3. Bg5 Bg4 4. Nbd2 Nd7 5. h3 Bh5 6. g4 Bg6 7. e3 Ngf6 8. Bd3
Ne4 9. Bxe4 dxe4 10. Ne5 Nxe5 11. dxe5 Qa5 12. Bf4 O-O-O 13. Qe2 h5 14. g5 h4
15. Rf1 Bh5 16. f3 Bxf3 17. Rxf3 exf3 18. Qf2 e6 19. a3 Rd5 20. O-O-O Bxa3 21.
bxa3 Rhd8 22. e4 Qxa3+ 23. Kb1 Rb5+ 24. Nb3 Rxd1+ 25. Bc1 Rxc1# 0-1

[Event "Mechanics' Leighton Allen TNM; G/2"]
[Site "San Francisco"]
[Date "2015.08.10"]
[Round "2.26"]
[White "Paquette, James"]
[Black "Lagrotta, Daniel S"]
[Result "1/2-1/2"]
[WhiteElo "1462"]
[BlackElo "1665"]
[PlyCount "76"]
[EventDate "2015.??.??"]

1. d4 Nf6 2. Nf3 d5 3. e3 Bf5 4. Bd3 Bg6 5. Nbd2 Bxd3 6. cxd3 e6 7. Qb3 b6 8.
Ne5 c6 9. Qc2 Qc7 10. Ndf3 h6 11. O-O Bd6 12. b3 Nfd7 13. Bb2 Bxe5 14. Nxe5
Nxe5 15. dxe5 Nd7 16. f4 O-O-O 17. Rac1 Kb7 18. b4 Rhf8 19. d4 f5 20. a4 Rc8
21. Qb3 Rg8 22. Rc3 g5 23. Rfc1 g4 24. Qc2 Qd8 25. Rxc6 Nb8 26. Rxc8 Qxc8 27.
Qxc8+ Rxc8 28. Rxc8 Kxc8 29. Kf2 Nc6 30. Ba3 Ne7 31. Kg3 Ng6 32. h3 h5 33. b5
Kb7 34. Bb4 a6 35. Bd6 axb5 36. axb5 Kc8 37. Bb4 Kd7 38. Bd6 Kc8 1/2-1/2

[Event "Mechanics' Summer TNM; G/2"]
[Site "San Francisco"]
[Date "2015.06.09"]
[Round "3.24"]
[White "Paquette, James"]
[Black "Lin, Aung Tun"]
[Result "1-0"]
[WhiteElo "1456"]
[BlackElo "1743"]
[PlyCount "67"]
[EventDate "2015.??.??"]

1. d4 f5 2. Qd3 e6 3. g4 fxg4 4. h3 Qh4 5. Bg2 Nf6 6. hxg4 Qxg4 7. Bf3 Qf5 8.
e4 Qg6 9. Nh3 d5 10. Nf4 Qf7 11. e5 Ne4 12. Bh5 g6 13. Bxg6 hxg6 14. Rxh8 g5
15. f3 gxf4 16. fxe4 b6 17. Nc3 c6 18. Bd2 Ba6 19. Qf3 Qg7 20. Qh5+ Kd8 21.
O-O-O Nd7 22. Bxf4 Kc7 23. Rh7 Qg8 24. Qf7 Qxf7 25. Rxf7 Bb4 26. exd5 cxd5 {
Diagram [#]} 27. Bd2 (27. Nxd5+ exd5 28. e6+) 27... Re8 28. Nxd5+ exd5 29. Bxb4
Bc8 30. Re1 Re6 31. Re7 Rxe7 32. Bxe7 Nb8 33. Bd6+ Kb7 34. Bxb8 1-0